| 000 -LEADER | |
|---|---|
| fixed length control field | 00437nam a22001697a 4500 |
| 005 - DATE AND TIME OF LATEST TRANSACTION | |
| control field | 20180725104617.0 |
| 008 - FIXED-LENGTH DATA ELEMENTS--GENERAL INFORMATION | |
| fixed length control field | 160514b xxu||||| |||| 00| 0 eng d |
| 020 ## - INTERNATIONAL STANDARD BOOK NUMBER | |
| ISBN | 81-25-0936-2 |
| 041 ## - LANGUAGE CODE | |
| Language code of text/sound track or separate title | eng |
| 082 ## - DEWEY DECIMAL CLASSIFICATION NUMBER | |
| Item number | 2383 |
| Classification number | 658.3 |
| 100 ## - MAIN ENTRY--AUTHOR NAME | |
| Personal name | M.N. Mishra |
| 245 ## - TITLE STATEMENT | |
| Title | Understanding Organizational Behaviour |
| 260 ## - PUBLICATION, DISTRIBUTION, ETC. (IMPRINT) | |
| Place of publication | New Delhi |
| Name of publisher | Vikas Publishing House (P) Ltd. |
| Year of publication | 2010 |
| 300 ## - PHYSICAL DESCRIPTION | |
| Number of Pages | 478p, |
| 650 ## - SUBJECT ADDED ENTRY--TOPICAL TERM | |
| Topical Term | Management |
| 942 ## - ADDED ENTRY ELEMENTS (KOHA) | |
| Koha item type | Books |
| Lost status | Damaged status | Collection code | Home library | Current library | Shelving location | Date acquired | Cost, normal purchase price | Full call number | Accession Number | Koha item type |
|---|---|---|---|---|---|---|---|---|---|---|
| MANAGEMENT | JRU Library | JRU Library | SHELF-64-C | 14/05/2016 | 375.00 | 658.3 | 2383 | Books | ||
| MANAGEMENT | JRU Library | JRU Library | SHELF-64-C | 14/05/2016 | 375.00 | 658.3 | 2384 | Books | ||
| MANAGEMENT | JRU Library | JRU Library | SHELF-64-C | 14/05/2016 | 375.00 | 658.3 | 2385 | Books | ||
| JRU Library | SHELF - 16 - I | 14/05/2016 | 375.00 | 658.3 | 2386 | Books | ||||
| MANAGEMENT | JRU Library | JRU Library | SHELF-64-C | 14/05/2016 | 375.00 | 658.3 | 2387 | Books | ||
| MANAGEMENT | JRU Library | JRU Library | SHELF-64-C | 14/05/2016 | 375.00 | 658.3 | 2388 | Books | ||
| MANAGEMENT | JRU Library | JRU Library | SHELF-64-C | 14/05/2016 | 375.00 | 658.3 | 2389 | Books | ||
| MANAGEMENT | JRU Library | JRU Library | SHELF-64-C | 14/05/2016 | 375.00 | 658.3 | 2390 | Books | ||
| MANAGEMENT | JRU Library | JRU Library | SHELF-64-C | 14/05/2016 | 375.00 | 658.3 | 2391 | Books | ||
| MANAGEMENT | JRU Library | JRU Library | SHELF-64-C | 14/05/2016 | 375.00 | 658.3 | 2392 | Books |